Managerial dilemmas (Registro nro. 12878)

Detalles MARC
000 -CABECERA
Campo de control 006160000a22001930004500
090 ## - CLASIFICACIÓN LOCAL
Colección AR
Consecutivo 03843
041 0# - IDIOMA
Código de idioma para texto/pista de sonido o título separado
044 ## - PAÍS DE PUBLICACIÓN
País de publicación
100 1# - ASIENTO PRINCIPAL--NOMBRE PERSONAL
Nombre personal Miller, Gary J.
245 10 - MENCION DE TITULO
Título Managerial dilemmas
Version political leadership in hierarchies
260 ## - PUBLICACION, DISTRIBUCION, ETC. (PIE DE IMPRENTA)
Lugar de publicación, distribución, etc. Chicago
Nombre del editor, distribuidor, etc. University of Chicago Press
Fecha de publicación, distribución, etc. 1990
300 ## - DESCRIPCION FISICA
Extensión p. 324-348
500 ## - NOTA GENERAL
Nota general <Colección Recursos Genéticos>
650 14 - ASIENTO SECUNDARIO DE MATERIA - TERMINO TEMATICO
Término temático o nombre geográfico como elemento de entrada Teoría económica
650 14 - ASIENTO SECUNDARIO DE MATERIA - TERMINO TEMATICO
Término temático o nombre geográfico como elemento de entrada Cooperativismo
650 14 - ASIENTO SECUNDARIO DE MATERIA - TERMINO TEMATICO
Término temático o nombre geográfico como elemento de entrada Comportamiento económico
773 1# - Item fuente:
Título In Cook, Karen and Levi, Margaret eds.,/ Limits of rationality
942 ## - ELEMENTOS ADICIONALES (KOHA)
Tipo de ítem Artículo
Existencias
Withdrawn status Lost status Damaged status No para préstamo Colección Ubicación Permanente Ubicación actual Fecha de adquisición Datos de publicación Seriada Total Checkouts Número topográfico Inventario / Código de Barras Date last seen Ejemplar Price effective from Forma de adquisición Tipo de material
      No para Préstamo Hemeroteca Bogotá Bogotá 27/02/2015 Fuera de circulación   AR 03843 017403 25/03/2015 1 25/03/2015   Artículo